[Event "Voronezh op-B 23rd"]
[Site "Voronezh"]
[Date "2019.06.20"]
[Round "9"]
[White "Badtrutdinova, Darya"]
[Black "Alhassan, Meshari"]
[Result "1/2-1/2"]
[WhiteElo "1615"]
[BlackElo "1418"]
[PlyCount "99"]
[EventDate "2019.06.12"]
[EventType "swiss"]
[EventRounds "9"]
[EventCountry "RUS"]
[SourceTitle "EXT 2020"]
[Source "ChessBase"]
[SourceDate "2019.10.17"]
[SourceVersion "1"]
[SourceVersionDate "2019.10.17"]
[SourceQuality "1"]

1. d4 d5 2. Nf3 Nf6 3. Bg5 Bf5 4. Bxf6 gxf6 5. e3 Nc6 6. a3 e6 7. c4 Qd7 8. Nc3 Bg4 9. cxd5 exd5 10. Be2 Bg7 11. Nh4 Bxe2 12. Qxe2 0-0-0 13. 0-0-0 f5 14. g3 Na5 15. Qf3 Qc6 16. Qxf5+ Kb8 17. Qc2 Bf8 18. Qa4 Qb6 19. Qb5 Qxb5 20. Nxb5 a6 21. Nc3 Rd6 22. Kb1 Nc4 23. Na4 Ka7 24. Ka2 Rf6 25. Rhf1 b6 26. Ng2 Bd6 27. Nc3 c6 28. e4 dxe4 29. Nxe4 Re6 30. Nxd6 Rxd6 31. Rfe1 Rhd8 32. Re7+ R8d7 33. Rxd7+ Rxd7 34. Kb3 Nd6 35. f3 Nf5 36. Kc3 c5 37. d5 b5 38. Nf4 Ne3 39. Re1 Nc4 40. Re2 Kb6 41. Re8 Nd6 42. Rh8 f6 43. Ne6 c4 44. Rf8 f5 45. Nd4 Kc5 46. Nxf5 Kxd5 47. Ne3+ Kc5 48. Ra8 Rf7 49. f4 Re7 50. Ng4 1/2-1/2

[Event "Voronezh op-B 23rd"]
[Site "Voronezh"]
[Date "2019.06.19"]
[Round "8"]
[White "Radzimirskiy, Nikita"]
[Black "Badtrutdinova, Darya"]
[Result "1-0"]
[WhiteElo "1763"]
[BlackElo "1615"]
[PlyCount "73"]
[EventDate "2019.06.12"]
[EventType "swiss"]
[EventRounds "9"]
[EventCountry "RUS"]
[SourceTitle "EXT 2020"]
[Source "ChessBase"]
[SourceDate "2019.10.17"]
[SourceVersion "1"]
[SourceVersionDate "2019.10.17"]
[SourceQuality "1"]

1. e4 c6 2. d4 d5 3. exd5 cxd5 4. c4 Nf6 5. Nc3 g6 6. Qb3 Bg7 7. Nf3 0-0 8. Be3 Nbd7 9. c5 Nb8 10. Be2 Nc6 11. 0-0 b6 12. Na4 bxc5 13. Nxc5 Qb6 14. Qa4 a5 15. Rfc1 Nb8 16. Rab1 Bf5 17. Bd3 Bxd3 18. Nxd3 Qa7 19. a3 Nbd7 20. Nfe5 Nb6 21. Qd1 Rfc8 22. Nc5 Ne4 23. Nxe4 dxe4 24. Qb3 e6 25. Rc6 Nd5 26. f4 Rcb8 27. Qa4 Nxe3 28. Rbc1 Bxe5 29. fxe5 Nf5 30. Kh1 Qxd4 31. Qc2 Rxb2 32. Rc8+ Rxc8 33. Qxc8+ Kg7 34. Qa6 Qd2 35. Qf1 Ne3 36. Qf6+ Kg8 37. Rc8+ 1-0

[Event "Voronezh op-B 22nd"]
[Site "Voronezh"]
[Date "2018.06.16"]
[Round "5"]
[White "Denisenko, Dmitry"]
[Black "Badtrutdinova, Darya"]
[Result "1-0"]
[WhiteElo "1703"]
[BlackElo "1604"]
[PlyCount "73"]
[EventDate "2018.06.12"]
[EventType "swiss"]
[EventRounds "9"]
[EventCountry "RUS"]
[SourceTitle "CBM 185 Extra"]
[Source "ChessBase"]
[SourceDate "2018.07.29"]
[SourceVersion "1"]
[SourceVersionDate "2018.07.29"]
[SourceQuality "1"]

1. e4 c6 2. d4 d5 3. exd5 cxd5 4. Nf3 Qc7 5. Nc3 Nf6 6. h3 Bf5 7. Bd3 Bxd3 8. Qxd3 a6 9. 0-0 e6 10. Re1 Be7 11. Ne5 Nc6 12. Bf4 Qb6 13. Nxc6 bxc6 14. Rab1 0-0 15. a3 c5 16. Na4 Qc6 17. Nxc5 Bxc5 18. dxc5 Qxc5 19. Be5 Ne4 20. Bd4 Qc6 21. Rbc1 Nd6 22. b3 Rfd8 23. Bb2 Qb6 24. h4 Ne8 25. Bd4 Qd6 26. Qh3 Qxa3 27. h5 h6 28. g4 Qe7 29. f4 f6 30. g5 fxg5 31. Rxe6 Qb4 32. c3 Qa3 33. Rce1 gxf4 34. Rxh6 Rd6 35. Rhe6 Rxe6 36. Qxe6+ Kh8 37. Qh6+ 1-0

[Event "Voronezh op-B 20th"]
[Site "Voronezh"]
[Date "2016.06.16"]
[Round "5"]
[White "Popov, Oleg1111"]
[Black "Badtrutdinova, Darya"]
[Result "0-1"]
[WhiteElo "1940"]
[BlackElo "1465"]
[PlyCount "64"]
[EventDate "2016.06.12"]
[EventType "swiss"]
[EventRounds "9"]
[EventCountry "RUS"]
[SourceTitle "EXT 2017"]
[Source "ChessBase"]
[SourceDate "2016.10.25"]
[SourceVersion "1"]
[SourceVersionDate "2016.10.25"]
[SourceQuality "1"]

1. d4 d5 2. c4 c6 3. Nc3 Nf6 4. e3 e6 5. Nf3 Nbd7 6. Qc2 Bd6 7. Bd3 dxc4 8. Bxc4 b5 9. Be2 Bb7 10. 0-0 0-0 11. Rd1 Qb6 12. e4 Bc7 13. e5 Nd5 14. Ng5 g6 15. Nxd5 exd5 16. Qd3 Bd8 17. Qh3 Bxg5 18. Bxg5 Bc8 19. Bg4 Qc7 20. Bxd7 Bxd7 21. Qh6 f5 22. exf6 Rf7 23. Re1 Raf8 24. Re3 Qb6 25. Rae1 Qxd4 26. Re7 Rxe7 27. Rf1 Ref7 28. h4 Qxb2 29. h5 Rxf6 30. Bxf6 Rxf6 31. hxg6 Rxg6 32. Qh4 Qf6 0-1

[Event "Voronezh op-B 20th"]
[Site "Voronezh"]
[Date "2016.06.15"]
[Round "4"]
[White "Badtrutdinova, Darya"]
[Black "Morozov, Boris Nikolaevich"]
[Result "1-0"]
[WhiteElo "1465"]
[BlackElo "1764"]
[PlyCount "39"]
[EventDate "2016.06.12"]
[EventType "swiss"]
[EventRounds "9"]
[EventCountry "RUS"]
[SourceTitle "EXT 2017"]
[Source "ChessBase"]
[SourceDate "2016.10.25"]
[SourceVersion "1"]
[SourceVersionDate "2016.10.25"]
[SourceQuality "1"]

1. d4 Nf6 2. Nf3 g6 3. Bg5 Bg7 4. e3 c5 5. c3 Qa5 6. Nbd2 d6 7. Bc4 b5 8. Bxf6 Bxf6 9. Bd5 e6 10. Bxa8 d5 11. dxc5 b4 12. 0-0 bxc3 13. bxc3 Ba6 14. Qb3 0-0 15. Rfc1 Nd7 16. Bc6 Nxc5 17. Qc2 Rc8 18. Nd4 e5 19. N4b3 Nxb3 20. axb3 1-0